000 00590cam a2200157 i 4500
020 _a9780784414736 (hardbound : alk. paper)
082 0 0 _a624
_bCHO
100 1 _aChoi, Ying-Kit.
_951794
245 1 0 _aPrinciples of applied civil engineering design :
_bproducing drawings, specifications, and cost estimates for heavy civil projects /
_cYing-Kit Choi, Ph.D., P.E.
250 _aSecond edition.
300 _axvii, 362 pages :
_billustrations ;
_c26 cm
526 _a0
_b0
_c0
_d624_000000000000000_CHO
650 0 _aCivil engineering.
650 0 _aConstruction contracts.
942 _2ddc
_cBK
999 _c554345
_d554345